20-21 Top 10 NBA Small Forwards - Statistics

General Stats
  • This quiz has been taken 33 times
  • The average score is 4 of 10
Answer Stats
Rank Player % Correct
2 LeBron James
100%
1 Kawhi Leonard
66%
3 Jaylen Brown
41%
6 DeMar DeRozan
38%
4 Khris Middleton
34%
5 Brandon Ingram
31%
8 Michael Porter Jr.
31%
7 Mikal Bridges
31%
9 Gordon Hayward
25%
10 Luguentz Dort
3%
No matching quizzes found
Score Distribution
Percent of People with Each Score
Percentile by Number Answered
Your Score History
You have not taken this quiz